[Event "Hastings9192"]
[Site "Hastings"]
[Date "1991.??.??"]
[Round "7"]
[White "Hodgson, Julian M"]
[Black "Adams, Michael"]
[Result "1/2-1/2"]
[WhiteElo "2570"]
[BlackElo "2615"]

1.Nf3 Nf6 2.c4 b6 3.g3 Bb7 4.Bg2 c5 5.O-O g6 6.b3 Bg7 7.Bb2 O-O 8.Nc3 d5
9.Nxd5 Nxd5 10.Bxg7 Kxg7 11.cxd5 Qxd5 12.d4 Na6 13.Nh4 Qd7 14.dxc5 Qxd1 15.Rfxd1 Bxg2
16.Nxg2 Nxc5 17.f3 Rfd8 18.Kf2 Kf6 19.Ne3 Ke6 20.Nc4 Nb7 21.Rac1  1/2-1/2

[Event "CUB-ch"]
[Site "Holguin"]
[Date "1991.??.??"]
[Round "5"]
[White "Nogueiras, Jesus"]
[Black "Rodriguez, Amador"]
[Result "1/2-1/2"]
[WhiteElo "2540"]
[BlackElo "2530"]

1.Nf3 Nf6 2.c4 b6 3.g3 c5 4.Bg2 Bb7 5.O-O g6 6.Nc3 Bg7 7.Re1 Ne4 8.Nxe4 Bxe4
9.d4 cxd4 10.Bh6 Bxh6 11.Qxd4 O-O 12.Qxe4 Nc6 13.Red1 Qc7 14.h4 Bg7 15.Rab1 Rad8
16.b4 e6 17.e3 Ne5 18.Nxe5 Bxe5 19.Rb3 Rc8 20.Rbd3 d6 21.f4 Bf6 22.Rxd6 Qxc4
23.Qxc4 Rxc4 24.Rd7 a6 25.a3 Rc3 26.R7d3 Rxd3 27.Rxd3 Rd8  1/2-1/2

[Event "HUN-chT"]
[Site "HUN"]
[Date "1991.??.??"]
[Round "?"]
[White "Szekely, Peter"]
[Black "Horvath, Tamas"]
[Result "1/2-1/2"]
[WhiteElo "2430"]
[BlackElo "2410"]

1.Nf3 c5 2.c4 Nf6 3.g3 b6 4.Bg2 Bb7 5.O-O g6 6.Nc3 Bg7 7.d4 cxd4 8.Qxd4 d6
9.Be3 Nbd7 10.Rac1 Rc8 11.b3 O-O 12.Qd2 Ne4 13.Nxe4 Bxe4 14.Rfd1 Rc7 15.Ne1 Bxg2
16.Nxg2 Qa8 17.Nf4 Nf6 18.Nd5 Nxd5 19.Qxd5 Qxd5 20.Rxd5 Bb2 21.Rb1 Bf6 22.f3 Rd8
23.Kf2 Rcd7 24.a4 e6 25.Rd3 Kf8 26.Bd4 Bxd4+ 27.Rxd4 Ke7  1/2-1/2

[Event "JUG-ch"]
[Site "Kladovo"]
[Date "1991.??.??"]
[Round "6"]
[White "Dizdarevic, Emir"]
[Black "Stefanovski, Dusko"]
[Result "1-0"]
[WhiteElo "2505"]
[BlackElo "2300"]

1.c4 Nf6 2.Nf3 c5 3.g3 b6 4.Bg2 Bb7 5.O-O g6 6.b3 Bg7 7.Bb2 Na6 8.d4 d5 9.dxc5 Nxc5
10.cxd5 Qxd5 11.Nc3 Qxd1 12.Rfxd1 O-O 13.Nd4 Bxg2 14.Kxg2 Rac8 15.Rac1 a6
16.Ba3 Rfd8 17.Nc6 Re8 18.Ne5 Nh5 19.Nd5 Bxe5 20.Nxb6 Rc6 21.Bxc5 Nf6 22.Be3 Re6
23.Rc4 h5 24.h3 Rb8 25.Nd7 Nxd7 26.Rxd7 Rb5 27.Ra7 Ra5 28.a4 f5 29.Rc5 Rxc5
30.Bxc5 Kf7 31.b4 Bb8 32.Ra8 Bc7 33.Ra7 Bb8 34.Rb7 Bd6 35.Be3 Re4 36.Rb6 Rxb4
37.Rxa6 Rb2 38.Kf3 Ra2 39.Ra8 Bb4 40.Bb6 g5 41.a5 g4+ 42.hxg4 fxg4+ 43.Ke3 Ra3+
44.Kd4 Be1 45.Kc4 Ra4+ 46.Kd5 Rb4 47.Kc6 Rb2 48.Rh8 Rxe2 49.Rxh5 Kg6 50.Rb5 Bxf2
51.a6  1-0

[Event "Kobanya op"]
[Site "Kobanya"]
[Date "1991.??.??"]
[Round "7"]
[White "Tompa, Janos"]
[Black "Almasi, Zoltan"]
[Result "1/2-1/2"]
[WhiteElo "2445"]
[BlackElo "2340"]

1.Nf3 Nf6 2.g3 b6 3.c4 c5 4.Bg2 Bb7 5.O-O g6 6.b3 Bg7 7.Bb2 O-O 8.d4 cxd4
9.Qxd4 d6 10.Nc3 Nbd7 11.Rac1 Rc8 12.Qd3 Nc5 13.Qb1 Nce4 14.Nd5 Qd7 15.Nxf6+ Nxf6
16.Rfd1  1/2-1/2

[Event "USA-op Los Angeles"]
[Site "Los Angeles"]
[Date "1991.??.??"]
[Round "?"]
[White "Brasket, Curt J"]
[Black "Kudrin, Sergey"]
[Result "0-1"]
[WhiteElo "2305"]
[BlackElo "2530"]

1.Nf3 Nf6 2.c4 c5 3.g3 b6 4.Bg2 Bb7 5.O-O g6 6.b3 Bg7 7.Bb2 e6 8.d4 Na6 9.Nc3 d5
10.cxd5 exd5 11.Rc1 O-O 12.dxc5 Nxc5 13.Nb5 Qd7 14.Nbd4 Rfe8 15.Rc2 a5 16.Bc1 Ba6
17.Bf4 Nfe4 18.Bc1 Rac8 19.Bb2 b5 20.Re1 b4 21.Bf1 h5 22.h4 Bh6 23.Bc1 Bg7
24.Bb2 a4 25.e3 Bxf1 26.Rxf1 Rc7 27.Qe2 Bh6 28.Kg2 Rcc8 29.Rfc1 Bf8 30.Qd1 Bg7
31.Ne2 Bxb2 32.Rxb2 Qf5 33.Ned4 Qf6 34.bxa4 Nc3 35.Qf1 Qe7 36.a5 Qd7 37.Nb3 Qa4
38.Nfd4 N5e4 39.Rbc2 Rc4 40.Qd3 Rec8 41.f3 Nc5 42.Nxc5 R4xc5 43.Nb3 Rc4 44.Rd2 Kh7
45.Nd4 Qe8 46.Rb2 Na4 47.Rxb4 Rxb4  0-1

[Event "Manzanillo"]
[Site "Manzanillo"]
[Date "1991.??.??"]
[Round "13"]
[White "Ovalles, Otto"]
[Black "Armas, Jorge"]
[Result "0-1"]
[WhiteElo "2260"]
[BlackElo "2400"]

1.Nf3 c5 2.c4 Nf6 3.g3 b6 4.Bg2 Bb7 5.O-O g6 6.b3 Bg7 7.Bb2 O-O 8.e3 d5 9.d3 Na6
10.Nc3 e6 11.Qe2 Qe7 12.h3 Rfd8 13.Rfd1 Nb4 14.Rac1 Rac8 15.a3 Nc6 16.Qc2 d4
17.exd4 Nxd4 18.Nxd4 cxd4 19.Nb5 Bxg2 20.Kxg2 Nh5 21.a4 Qb7+ 22.Kg1 a6 23.Na3 e5
24.Qe2 f5 25.Re1 f4 26.Kh2 Rf8 27.Rf1 f3 28.Qd2 Nf4 29.Rce1 Ne2 30.Nc2 Rf5
31.Nb4 Rh5 32.Rxe2 Qd7  0-1

[Event "POL-chT"]
[Site "Mikolajki"]
[Date "1991.??.??"]
[Round "1"]
[White "Yuferov, Sergey  N"]
[Black "Jamroz, Zbigniew"]
[Result "1-0"]
[WhiteElo "2395"]
[BlackElo "2230"]

1.Nf3 Nf6 2.c4 c5 3.g3 b6 4.Bg2 Bb7 5.O-O g6 6.d4 cxd4 7.Qxd4 Bg7 8.Nc3 Nc6
9.Qh4 h6 10.Qf4 Qb8 11.Qd2 Na5 12.Qd3 Qc8 13.b3 O-O 14.Ba3 d6 15.Rac1 Qe6
16.b4 Nc6 17.Nd5 Rac8 18.Nf4 Qf5 19.Qxf5 gxf5 20.Nh4 e6 21.b5 Na5 22.Bxd6 Bxg2
23.Nhxg2 Rfd8 24.Be7 Rd7 25.Bxf6 Bxf6 26.Ne3 Rdc7 27.Rfd1 Nxc4 28.Nxf5 Nb2
29.Rxc7 Rxc7 30.Rb1 Kh7 31.Ne3 Na4 32.Rb4 Nc3 33.Nh5 Nxe2+ 34.Kf1 Bc3 35.Rg4 Nc1
36.a4 Nd3 37.Ke2 Nb2 38.Rh4 f5 39.g4 Rc5 40.gxf5 exf5 41.Rf4 Kg6 42.Ng3 Be5
43.Rxf5 Nxa4 44.f4 Bd4 45.Rxc5 Nxc5 46.Nef5 Bg1 47.Nh4+ Kf7 48.Nf3 Na4 49.Nxg1 Nc3+
50.Kd3 Nxb5 51.Nf3 Nd6 52.Kd4 Ke6 53.Nd2 a5 54.Nde4 b5 55.Nxd6 Kxd6 56.f5 b4
57.Ne4+ Ke7 58.Nc5 Kf7 59.Ke5 h5 60.f6 h4 61.h3  1-0

[Event "Montpellier"]
[Site "Montpellier"]
[Date "1991.??.??"]
[Round "1"]
[White "Anic, Darko"]
[Black "Miralles, Gilles"]
[Result "1/2-1/2"]
[WhiteElo "2430"]
[BlackElo "2470"]

1.Nf3 Nf6 2.c4 c5 3.g3 b6 4.Bg2 Bb7 5.O-O g6 6.Nc3 Bg7 7.d4 cxd4 8.Qxd4 d6
9.Rd1 Nbd7 10.b3 Rc8 11.Bb2 O-O 12.Rac1 a6 13.Ne1 Bxg2 14.Nxg2 b5 15.cxb5 axb5
16.Ne3 Qa5 17.b4 Qa8 18.Ncd5 Rxc1 19.Nxe7+ Kh8 20.Rxc1 Qxa2 21.Ra1 Qe6 22.N7d5 Ne5
23.Ra6 Nxd5 24.Qxd5 Qxd5 25.Nxd5 Nc4 26.Bxg7+ Kxg7 27.Ra7 Re8 28.e3 Re5 29.Nc3 Kf8
30.Rb7 Na3 31.Kg2 h5 32.h3 g5 33.g4 hxg4 34.hxg4 Ke8 35.Kf3 f5 36.gxf5 Rxf5+
37.Kg3 Re5 38.Kg4 Kf8 39.e4 Ke8 40.f3 Kf8 41.Nd5 Ke8 42.Nf6+ Kd8 43.Rd7+ Kc8
44.Rxd6 Nc4 45.Rd4 Ne3+ 46.Kg3 Nc2 47.Rd5 Rxd5 48.Nxd5 Kd7 49.Kg4 Nd4 50.Kxg5 Nxf3+
51.Kf6 Kc6 52.Nc3 Nh2 53.e5 Ng4+ 54.Kf5 Ne3+ 55.Kg6 Ng4 56.Kf5 Ne3+ 57.Kg6 Nc2
58.Kf7 Nxb4 59.e6 Na6 60.e7 Nc7 61.Ne2 b4 62.Nf4 b3 63.Ne6 b2 64.Nxc7  1/2-1/2

[Event "Nimes op"]
[Site "Nimes"]
[Date "1991.??.??"]
[Round "4"]
[White "Dizdar, Goran"]
[Black "Patrat, Alexandre"]
[Result "1-0"]
[WhiteElo "2535"]
[BlackElo "2275"]

1.Nf3 Nf6 2.g3 b6 3.Bg2 Bb7 4.O-O c5 5.c4 g6 6.Nc3 Bg7 7.d4 cxd4 8.Qxd4 O-O
9.Qh4 d6 10.Bh6 Nbd7 11.b3 Rc8 12.Bh3 Nh5 13.Bxg7 Kxg7 14.Rfd1 Nhf6 15.Rac1 Rc5
16.Qd4 Kg8 17.Qe3 Re8 18.Ne1 Re5 19.Qd4 Rh5 20.Bf1 Nc5 21.f3 Ne6 22.Qd2 Rc5
23.e4 Rf8 24.Qe3 Qb8 25.Nd5 Re8 26.Nxf6+ exf6 27.Qd2 Rd8 28.Qb2 Kg7 29.Rc3 Rcc8
30.Rcd3 Qc7 31.Bh3 b5 32.cxb5 Qb6+ 33.Qf2 Qxb5 34.Qxa7 Ra8 35.Qf2 Ng5 36.Bf1 Qc6
37.h4 Ne6 38.R3d2 Nc7 39.Rc2 Qd7 40.Qb6 Ne8 41.Bb5  1-0

[Event "Oberwart op"]
[Site "Oberwart"]
[Date "1991.??.??"]
[Round "?"]
[White "Vukic, Milan"]
[Black "Zakic, Srdjan"]
[Result "1-0"]
[WhiteElo "2500"]
[BlackElo "2345"]

1.Nf3 c5 2.c4 b6 3.g3 Bb7 4.Bg2 Nf6 5.O-O g6 6.Nc3 Bg7 7.d4 cxd4 8.Qxd4 Nc6
9.Qf4 Rc8 10.Rd1 Nh5 11.Qe3 Nb4 12.Rb1 Rxc4 13.Ne5 Bxe5 14.Qxe5 f6 15.Qb5 Ba6
16.Qa4 Qc8 17.Qb3 Nc6 18.Be3 Ne5 19.Rbc1 Ng7 20.Bd5 Rc7 21.Nb5 Bxb5 22.Qxb5 e6
23.Rxc7 Qxc7 24.Rc1 Qb8 25.Qa6 O-O 26.Bg2 Nf5 27.Bd2 Qd6 28.Bc3 Nc6 29.e3 Kf7
30.a3 Nfe7 31.Qa4 Kg7 32.b4 Nd5 33.Bxd5 Qxd5 34.Rd1 Qc4 35.Rxd7+ Rf7 36.Rd6 Qxc3
37.Rxc6 Qa1+ 38.Kg2 Qe5 39.Qd1 Qe4+ 40.Qf3 Qe5 41.Rc4 Rd7 42.Qc6 Re7 43.b5 f5
44.a4 Kf7 45.h4 h5 46.Kf3 Qa1 47.Qd6 Qh1+ 48.Kf4 Kf6 49.Qe5+ Kf7 50.Kg5 Qb7
51.Qf6+ Kg8 52.Rc8+ Qxc8 53.Qxe7  1-0

[Event "Pamplona op"]
[Site "Pamplona"]
[Date "1991.??.??"]
[Round "?"]
[White "Danailov, Silvio"]
[Black "Eingorn, Vereslav S"]
[Result "1/2-1/2"]
[WhiteElo "2475"]
[BlackElo "2575"]

1.Nf3 Nf6 2.c4 b6 3.g3 c5 4.Bg2 Bb7 5.O-O g6 6.d4 cxd4 7.Qxd4 Bg7 8.Nc3 d6
9.Be3 Nbd7 10.Rac1 O-O 11.Qh4 a6 12.Rfd1 Rb8 13.Bh6 Bxf3 14.Bxg7 Kxg7 15.Bxf3 b5
16.cxb5 axb5 17.Qb4 Qb6 18.Nd5 Nxd5 19.Bxd5 Rfc8 20.Bg2 Rc4 21.Qd2 Rbc8 22.Rxc4 Rxc4
23.Bd5 Rc7 24.b4 Ne5 25.Bb3 Nc4 26.Qc3+ Kg8 27.Qf3 Qc6 28.Qxc6 Rxc6 29.Rd5 Na3
30.Kg2 e6 31.Rd3 Nc4 32.e4 Ne5 33.Rd2 g5 34.h3 Kf8 35.Rc2 Rxc2 36.Bxc2 Nc6
37.a3 Nd4 38.Bd3 e5 39.f3 Ke7 40.Kf2 h6 41.Ke3 Ke6 42.Bb1 f6 43.Bd3 f5 44.f4 fxe4
45.Kxe4 d5+ 46.Ke3 gxf4+ 47.gxf4 Nf5+ 48.Kf2 Nd6 49.fxe5 Nc4 50.Kg3 Kxe5
51.Kh4 Kd4 52.Bf1 Ke3 53.Kh5 d4 54.Kxh6 d3 55.Bxd3 Kxd3 56.h4 Ne5 57.h5 Kd4
58.Kg7 Ng4 59.Kg6 Kc4 60.Kf5 Nh6+  1/2-1/2

[Event "POL-ch (Women)"]
[Site "POL"]
[Date "1991.??.??"]
[Round "8"]
[White "Gasik, Jadwiga"]
[Black "Sosnowska, Elzbieta"]
[Result "1/2-1/2"]
[WhiteElo "2020"]
[BlackElo "2130"]

1.Nf3 Nf6 2.g3 b6 3.Bg2 Bb7 4.O-O g6 5.c4 c5 6.b3 d5 7.cxd5 Bg7 8.Bb2 O-O
9.d4 Nxd5 10.Qd2 Nc7 11.Rd1 cxd4 12.Bxd4 Bxd4 13.Nxd4 Bxg2 14.Kxg2 Qd5+ 15.Nf3 Qxd2  1/2-1/2

[Event "Ptuj"]
[Site "Ptuj"]
[Date "1991.??.??"]
[Round "4"]
[White "Dizdarevic, Emir"]
[Black "Rajkovic, Dusan"]
[Result "1-0"]
[WhiteElo "2505"]
[BlackElo "2495"]

1.Nf3 c5 2.c4 Nf6 3.g3 b6 4.Bg2 Bb7 5.O-O g6 6.Nc3 Bg7 7.d4 cxd4 8.Qxd4 O-O
9.Qh4 d6 10.Bh6 Nbd7 11.Rfd1 Rc8 12.b3 Rc5 13.Bxg7 Kxg7 14.Qd4 Qa8 15.Ne1 a6
16.Bh3 Bc6 17.Nd3 Rh5 18.Nf4 Rc5 19.Bxd7 Bxd7 20.Nfd5 e5 21.Qh4 Ne8 22.Nxb6 Qb7
23.Nxd7 Qxd7 24.Rd2 f5 25.Rad1 Qe6 26.Qd8 Rf7 27.Qb6 e4 28.Rxd6 Qe5 29.Re6 Qxc3
30.Qxc5 Nf6 31.Qe5  1-0

[Event "Reggio mem Chicco"]
[Site "Reggio Emilia"]
[Date "1991.??.??"]
[Round "?"]
[White "Nemet, Ivan"]
[Black "Cebalo, Miso"]
[Result "1/2-1/2"]
[WhiteElo "2450"]
[BlackElo "2540"]

1.Nf3 c5 2.g3 b6 3.Bg2 Bb7 4.O-O Nf6 5.c4 g6 6.Nc3 Bg7 7.d4 cxd4 8.Nxd4 Bxg2
9.Kxg2 O-O 10.e4 Qc7 11.b3 Nxe4 12.Nd5 Qb7 13.f3 Nc6 14.fxe4 Nxd4 15.Nxe7+ Kh8
16.Nd5 Ne6 17.Ba3 Nc5 18.Qc2 Rae8 19.Rae1 d6 20.Bb2  1/2-1/2

[Event "Rimavska Sobota"]
[Site "Rimavska Sobota"]
[Date "1991.??.??"]
[Round "3"]
[White "Poley, Vladimir"]
[Black "Plachetka, Jan"]
[Result "1/2-1/2"]
[WhiteElo "2445"]
[BlackElo "2425"]

1.Nf3 c5 2.g3 b6 3.Bg2 Bb7 4.O-O Nf6 5.c4 g6 6.Nc3 Bg7 7.d3 O-O 8.Bg5 h6
9.Bd2 d6 10.Qc1 h5 11.Bh6 Nbd7 12.a3 Rc8 13.Bxg7 Kxg7 14.b4 Rh8 15.Qb2 Bxf3
16.Bxf3 Ne5 17.Bg2 h4 18.f4 Neg4 19.Nd5 hxg3 20.hxg3 Qd7 21.e4 Rh5 22.bxc5 bxc5
23.Rae1 Qe6 24.Qb7 Re8 25.Nc7 Qd7 26.Nxe8+ Qxe8 27.Qxa7 Qh8 28.Re2 Rh3 29.Bxh3 Qxh3
30.Rf3 e5 31.fxe5 Nxe5 32.Ref2 Nxf3+ 33.Rxf3 Nd7 34.Qa5 Ne5 35.Re3 Ng4 36.Qd2 Nxe3
37.Qxe3 Qh5 38.Kg2 Qd1 39.e5 dxe5 40.Qxe5+ Kg8 41.Qxc5 Qxd3 42.Kh3 Qf1+ 43.Kg4 Qd1+
44.Kf4 Qc1+ 45.Ke4 Qc2+ 46.Kf3 Qd1+ 47.Kg2 Qe2+  1/2-1/2

[Event "San Francisco"]
[Site "San Francisco"]
[Date "1991.??.??"]
[Round "9"]
[White "Rogers, Ian"]
[Black "Adianto, Utut"]
[Result "1-0"]
[WhiteElo "2545"]
[BlackElo "2470"]

1.c4 Nf6 2.Nf3 b6 3.g3 Bb7 4.Bg2 c5 5.O-O g6 6.b3 Bg7 7.Bb2 O-O 8.Nc3 Na6
9.d3 Nc7 10.e4 Rb8 11.Re1 d6 12.d4 cxd4 13.Nxd4 a6 14.Qd2 Ba8 15.a4 e5 16.Nc2 Ne6
17.Rad1 Ne8 18.Ba3 Rb7 19.Nd5 f5 20.exf5 gxf5 21.f4 e4 22.Nce3 Nc5 23.Qc2 Rbf7
24.Re2 Bc6 25.Red2 Bd7 26.Kh1 Qb8 27.Bf1 a5 28.Be2 Be6 29.Nc3 Rd7 30.Nb5 Qd8
31.Nd4 Qf6 32.Bb2 Qh6 33.Bc3 Nc7 34.Qb2 N7a6 35.Nb5 Bxc3 36.Qxc3 Rg7 37.Rxd6 Nb4
38.Qe5 Rg6 39.Kg2 Nbd3 40.Bxd3 Nxd3 41.R1xd3 exd3 42.Rxd3 Qh5 43.Nd4 Rh6
44.h4 Bc8 45.Nd5 Bb7 46.Ne6 Qg4 47.Nxf8 Rxh4 48.Qe6+ Kxf8 49.Qd6+ Kf7 50.Qf6+ Kg8
51.Qg5+ Qxg5 52.fxg5 Rg4 53.Kf2 Rxg5 54.Nf6+ Kg7 55.Rd7+ Kxf6 56.Rxb7 Ke5
57.Rxb6 Ke4 58.Rb5 Rg7 59.Rxa5 Rd7 60.Rd5 Rb7 61.Rb5 Rd7 62.c5 Rd2+ 63.Ke1 Rg2
64.c6 Rc2 65.Rb4+ Ke3 66.Rc4  1-0

[Event "San Sebastian op"]
[Site "San Sebastian"]
[Date "1991.??.??"]
[Round "4"]
[White "Paunovic, Dragan"]
[Black "Garcia Trobat, Francisco"]
[Result "0-1"]
[WhiteElo "2455"]
[BlackElo "2305"]

1.Nf3 Nf6 2.c4 b6 3.g3 c5 4.Bg2 Bb7 5.O-O g6 6.Nc3 Bg7 7.d4 cxd4 8.Qxd4 O-O
9.Qh4 Na6 10.Be3 Rc8 11.Rac1 Nc5 12.Rfd1 Nce4 13.Nxe4 Bxe4 14.Bd4 Re8 15.b3 Qc7
16.Bh3 Rcd8 17.Qg5 Qb7 18.Qe3 d5 19.cxd5 Qxd5 20.Qc3 Qh5 21.Bg2 Bh6 22.Ra1 Rc8
23.Qb4 e5 24.Bxe5 Rxe5 25.Nxe5 Qxe5 26.Qd4 Qf5 27.f3 Bc2 28.e4 Qe6 29.Re1 Bf8
30.Kh1 Be7 31.Qf2 Bd3 32.Rad1 Rc2 33.Qd4 Bb5 34.Rd2 Rc8 35.Red1 a5 36.Qb2 Nd7
37.Qd4 Bb4 38.Rf2 Bc5 39.Qc3 Ne5 40.Rc2 Nc6 41.Rd5 Nb4 42.Re5 Qxe5 43.Qxe5 Nxc2
44.h4 h5 45.Qg5 Nd4 46.Bh3 Re8 47.Qf6 Be2 48.Bg2 Ne6 49.Qb2 Bd1 50.a3 Rd8
51.b4 axb4 52.axb4 Bf8 53.Qf2 Rd4 54.f4 Bg4 55.f5 gxf5 56.exf5 Rd1+ 57.Kh2 Nd4
58.f6 Bh6  0-1

[Event "Schellenberg op"]
[Site "Schellenberg"]
[Date "1991.??.??"]
[Round "6"]
[White "Georges, Sacha"]
[Black "Atlas, Valeri"]
[Result "1/2-1/2"]
[WhiteElo "2220"]
[BlackElo "2430"]

1.Nf3 Nf6 2.c4 c5 3.g3 b6 4.Bg2 Bb7 5.O-O g6 6.b3 Bg7 7.Bb2 O-O 8.Nc3 d6
9.d4 cxd4 10.Nxd4 Bxg2 11.Kxg2 Qd7 12.e3 Qb7+ 13.Qf3 Qxf3+ 14.Kxf3 Rc8 15.Rac1 Nbd7
16.Ke2 Kf8 17.f3 a6 18.Rfd1 e6 19.Ba3 Nc5 20.Rd2 Ke7 21.Rcd1 Nfd7 22.Kf2 Rc7
23.Nde2 Rc6 24.Nd4 Rc7 25.Nde2 Rc6 26.Nd4 Rc7  1/2-1/2

[Event "SWE-ch"]
[Site "SWE"]
[Date "1991.??.??"]
[Round "2"]
[White "Setterqvist, Kurt"]
[Black "Svensson, Bengt"]
[Result "1/2-1/2"]
[WhiteElo "2335"]
[BlackElo "2400"]

1.Nf3 c5 2.g3 b6 3.Bg2 Bb7 4.O-O Nf6 5.c4 g6 6.Nc3 Bg7 7.Re1 d6 8.e4 e5 9.d3 O-O
10.Rf1 Nc6 11.Bg5 h6 12.Bxf6 Bxf6 13.Ne1 Nd4 14.Nc2 Bc6 15.Nxd4 cxd4 16.Nd5 Bg7  1/2-1/2

[Event "Tel Aviv-B"]
[Site "Tel Aviv"]
[Date "1991.??.??"]
[Round "7"]
[White "Shabtai, Ran"]
[Black "Tsesarsky, Ilya"]
[Result "1/2-1/2"]
[WhiteElo "2345"]
[BlackElo "2440"]

1.Nf3 Nf6 2.c4 c5 3.g3 b6 4.Bg2 Bb7 5.O-O g6 6.b3 Bg7 7.Bb2 O-O 8.d4 cxd4
9.Qxd4 d6 10.Rd1 Nbd7 11.Ne1 Qc7 12.Nc3 Bxg2 13.Nxg2 Rfe8 14.Rac1 Qb7 15.Nd5 Rac8
16.Nge3 Ne5 17.Nxf6+ Bxf6 18.Qd2 a6 19.Nd5 Bg7 20.f4 Nd7 21.Bxg7 Kxg7 22.Qd4+ f6
23.g4 e5 24.Qf2 b5 25.Rd3 exf4 26.Qxf4 bxc4 27.bxc4 Rxe2 28.Rh3 Kh8 29.g5 f5
30.Qd4+ Ne5 31.Rb3 Qc6 32.Rb6 Qc5 33.Qxc5 dxc5 34.Rc3 Rxa2 35.Rb7 Ng4 36.Nf6 Nxf6
37.gxf6 Rd8 38.Rd3 Ra1+ 39.Kf2 Ra2+ 40.Kf1 Ra1+ 41.Kf2  1/2-1/2

[Event "Tel Aviv"]
[Site "Tel Aviv"]
[Date "1991.??.??"]
[Round "7"]
[White "Grivas, Efstratios"]
[Black "Greenfeld, Alon"]
[Result "0-1"]
[WhiteElo "2425"]
[BlackElo "2520"]

1.Nf3 Nf6 2.c4 c5 3.g3 b6 4.Bg2 Bb7 5.O-O g6 6.b3 Bg7 7.Bb2 O-O 8.Nc3 Na6
9.d3 e6 10.a3 d5 11.cxd5 exd5 12.d4 Qe7 13.Rc1 Rfe8 14.Qd3 Ne4 15.Rfe1 Nc7
16.dxc5 Nxc5 17.Qd1 d4 18.Nb1 Nb5 19.b4 Nc3  0-1

[Event "Val Thorens op"]
[Site "Val Thorens"]
[Date "1991.??.??"]
[Round "?"]
[White "Kirov, Nino"]
[Black "Giffard, Nicolas"]
[Result "1-0"]
[WhiteElo "2495"]
[BlackElo "2325"]

1.Nf3 c5 2.g3 b6 3.Bg2 Bb7 4.O-O Nf6 5.c4 g6 6.Nc3 Bg7 7.d4 cxd4 8.Qxd4 O-O
9.Qh4 Na6 10.Bh6 Nc5 11.Nd5 Nxd5 12.cxd5 Bxb2 13.Bxf8 Qxf8 14.Rad1 Re8 15.Nd4 Ba6
16.Bf3 Qg7 17.Nb3 Qf6 18.Qxf6 Bxf6 19.Nxc5 bxc5 20.d6 e6 21.Rb1 Bd8 22.Rb8 Rf8
23.Rfb1 Bb6 24.Rxf8+ Kxf8 25.a4 Kg7 26.Bc6 Bxe2 27.Bxd7 Kf6 28.Bb5 Bf3 29.Re1 Bd5
30.f4 Ba5 31.Rc1 Bd2 32.Rc2 Be3+ 33.Kf1 Bd4 34.Ke2 Be4 35.Rc1 h5 36.a5 Bd5
37.Kd3 Bg2 38.Be8 Bb7 39.Rb1 Ba6+ 40.Kd2 c4 41.d7  1-0

[Event "Vienna op"]
[Site "Vienna"]
[Date "1991.??.??"]
[Round "2"]
[White "Cvitan, Ognjen"]
[Black "Nagel, Herbert"]
[Result "1-0"]
[WhiteElo "2495"]
[BlackElo "2290"]

1.Nf3 c5 2.c4 b6 3.g3 Bb7 4.Bg2 Nf6 5.O-O g6 6.Nc3 Bg7 7.d4 cxd4 8.Qxd4 O-O
9.Qh4 d6 10.Bh6 Nbd7 11.Rfd1 Rc8 12.Bxg7 Kxg7 13.Ne1 Qc7 14.b3 a6 15.Rac1 Qb8
16.Bh3 Rfd8 17.Qd4 Kg8 18.Nc2 Rc5 19.Ne3 b5 20.b4 Rc7 21.cxb5 axb5 22.Nxb5 Rxc1
23.Rxc1 Ne5 24.Na7 g5 25.b5 g4 26.Bxg4 Ba8 27.Bh3  1-0

[Event "Werfen op"]
[Site "Werfen"]
[Date "1991.??.??"]
[Round "6"]
[White "Piven, Igor"]
[Black "Ikonnikov, Vyacheslav"]
[Result "1/2-1/2"]
[WhiteElo "2335"]
[BlackElo "2480"]

1.Nf3 Nf6 2.c4 c5 3.g3 b6 4.Bg2 Bb7 5.O-O g6 6.Nc3 Bg7 7.d4 cxd4 8.Qxd4 d6
9.Rd1 Nbd7 10.Be3 O-O 11.Qh4 Rc8 12.Rac1 a6 13.b3 Re8 14.Bh6 Bh8 15.Bh3 Bxf3
16.exf3 Rc5 17.Bg2 Rh5 18.Qf4 Bg7 19.Bxg7 Kxg7 20.Qd4 Kg8 21.Nd5 a5 22.f4 Nxd5
23.cxd5 Nc5 24.Rc3 Rf5 25.a3 Rf6 26.Bh3 Kg7 27.b4 axb4 28.axb4 e5 29.dxe6 Nxe6
30.Qd5 Re7 31.Rc6 Nc7 32.Qd4 Nb5 33.Qxb6 Qxb6 34.Rxb6 Nc3 35.Rdxd6 Re1+ 36.Kg2 Rxd6
37.Rxd6 Re2 38.Kf3 Rb2 39.Rd4 Na2 40.Bd7 Kf6 41.Rd6+ Kg7 42.f5 gxf5 43.Bxf5 Rxb4
44.Rd7 Rb6 45.Bd3 Nb4 46.Bc4 Rf6+ 47.Ke2 Nc6 48.f4 Kf8 49.Ke3 Ne7 50.Kf3 Rc6
51.Bd3 Rc5 52.h4 h6 53.Be4 Rc3+ 54.Kg4 Re3 55.Bc2 Ng8 56.Rd2  1/2-1/2

[Event "Alicante op"]
[Site "Alicante"]
[Date "1992.??.??"]
[Round "6"]
[White "Pigusov, Evgeny"]
[Black "Eingorn, Vereslav S"]
[Result "1/2-1/2"]
[WhiteElo "2550"]
[BlackElo "2575"]

1.Nf3 Nf6 2.g3 b6 3.Bg2 Bb7 4.O-O c5 5.c4 g6 6.Nc3 Bg7 7.Re1 O-O 8.e4 Nc6
9.a3 d6 10.d3 Ne8 11.Rb1 Nc7 12.Be3  1/2-1/2

[Event "AUT-chT"]
[Site "AUT"]
[Date "1992.??.??"]
[Round "?"]
[White "Robatsch, Karl"]
[Black "Stohl, Igor"]
[Result "1/2-1/2"]
[WhiteElo "2410"]
[BlackElo "2560"]

1.Nf3 Nf6 2.c4 b6 3.g3 c5 4.Bg2 Bb7 5.O-O g6 6.d4 cxd4 7.Qxd4 Bg7 8.Nc3 d6
9.b3 Nbd7 10.Bb2 O-O 11.Rfc1 Rc8 12.Nd5 e6 13.Nxf6+ Bxf6 14.Qd2 d5 15.cxd5 Bxd5
16.Rxc8 Qxc8 17.Rc1 Qd8 18.Bxf6 Qxf6 19.Ne1  1/2-1/2

[Event "Bad Ragaz op"]
[Site "Bad Ragaz"]
[Date "1992.??.??"]
[Round "4"]
[White "Jurek, Josef"]
[Black "Heinatz, Gundula"]
[Result "1-0"]
[WhiteElo "2315"]
[BlackElo "2240"]

1.Nf3 c5 2.g3 Nf6 3.c4 b6 4.Bg2 Bb7 5.O-O g6 6.Nc3 Bg7 7.d4 cxd4 8.Qxd4 O-O
9.Qh4 Qc8 10.Bh6 Bxh6 11.Qxh6 Qxc4 12.Ng5 Bxg2 13.Kxg2 d6 14.e4 Nbd7 15.Rac1 e6
16.f4 Rad8 17.e5 dxe5 18.fxe5 Nxe5 19.Rxf6 Rd2+ 20.Kg1 Qc5+ 21.Kf1 Rf2+ 22.Rxf2 Qxf2+
23.Kxf2 Ng4+ 24.Kf3 Nxh6 25.Rd1 Nf5 26.Rd7 h6 27.Nge4 a6 28.Na4 b5 29.Nac5 a5
30.Nf6+  1-0

[Event "Baden-Baden-B"]
[Site "Baden-Baden"]
[Date "1992.??.??"]
[Round "1"]
[White "Hickl, Joerg"]
[Black "Hort, Vlastimil"]
[Result "1/2-1/2"]
[WhiteElo "2540"]
[BlackElo "2560"]

1.Nf3 c5 2.g3 b6 3.Bg2 Bb7 4.c4 Nf6 5.O-O g6 6.b3 Bg7 7.Bb2 O-O 8.d3 e6 9.Nc3 Nc6
10.e3 d5 11.Rc1 Rc8 12.a3 Re8 13.cxd5 Nxd5 14.Rc2 Nxc3 15.Bxc3 Ba6 16.Bxg7 Kxg7
17.Rc3 Qf6 18.Qc2 Ne7 19.Qd2 Red8 20.Rfc1 e5 21.Ne1 Qd6 22.Qb2 f6 23.Bh3 Rc6
24.Bg2 Rcc8 25.R3c2 Bb5 26.Rd2 Bc6 27.Bxc6 Nxc6 28.Rdc2 a5 29.Rc4 Rc7 30.Qc2  1/2-1/2

[Event "Bern op"]
[Site "Bern"]
[Date "1992.??.??"]
[Round "2"]
[White "Cvitan, Ognjen"]
[Black "Adler, Joel"]
[Result "1/2-1/2"]
[WhiteElo "2505"]
[BlackElo "2255"]

1.Nf3 c5 2.c4 Nf6 3.g3 b6 4.Bg2 Bb7 5.O-O g6 6.Nc3 Bg7 7.d4 cxd4 8.Qxd4 d6
9.Be3 Nbd7 10.Rac1 Rc8 11.b3 O-O 12.Qd2 Re8 13.Bh6 Bh8 14.Rfd1 Qc7 15.Nd5 Qb8
16.Bh3 Rcd8 17.Qf4 e6 18.Nxf6+ Nxf6 19.Bg5 Nh5 20.Qh4 Rd7 21.Bg2 d5 22.e3 f6
23.Bh6 Ng7 24.e4 Qd8 25.cxd5 exd5 26.Bh3 Ne6 27.Qg4 Bg7 28.Be3 Kh8 29.exd5 Rxd5
30.Rxd5 Bxd5 31.Bg2 Qa8 32.Qa4 Bf8 33.Nh4 Bxg2 34.Nxg2 Nc5 35.Qh4 g5 36.Qd4 Qd8
37.Rd1 Qxd4 38.Bxd4 Kg7 39.Ne3 Kg6 40.Kf1 Rd8 41.Ke2 Ne4 42.Rd3 Re8 43.g4 h5
44.h3 Nc5 45.Bxc5 Bxc5 46.Kf3 hxg4+ 47.hxg4 Bxe3 48.Rxe3 Rc8 49.Re7 a5 50.Rb7 Rc2
51.Rxb6 Rxa2 52.Ke3 a4 53.bxa4 Rxa4 54.f3  1/2-1/2

[Event "Bern op"]
[Site "Bern"]
[Date "1992.??.??"]
[Round "3"]
[White "Barle, Janez"]
[Black "Ambroz, Jan"]
[Result "1/2-1/2"]
[WhiteElo "2430"]
[BlackElo "2415"]

1.Nf3 Nf6 2.c4 b6 3.g3 c5 4.Bg2 Bb7 5.O-O g6 6.b3 Bg7 7.Bb2 O-O 8.Nc3 Na6
9.e3 e6 10.d4 d5 11.Ne5 Qe7 12.cxd5 exd5 13.Re1 Ne4 14.Nxe4 dxe4 15.Qe2 Nc7
16.Nc4 Ne6 17.dxc5 Bxb2 18.Qxb2 Nxc5 19.Qe5 Qxe5 20.Nxe5 Rfe8 21.Nc4 Ba6
22.Nb2 Rac8 23.Red1 Nd3 24.Rd2 Nxb2 25.Rxb2 Rc3 26.Bf1 Bd3 27.Rd1 f5 28.Bxd3 exd3
29.Rbd2 Rd8 30.Kg2 b5 31.Kf3 b4 32.e4 fxe4+ 33.Kxe4 Re8+ 34.Kf3 Rf8+ 35.Kg2 Rd8
36.f3 Kf7 37.Kf2 Kf6 38.h4 h5 39.Ke3 Re8+ 40.Kf4 Rd8 41.Ke3  1/2-1/2

[Event "Biel op"]
[Site "Biel"]
[Date "1992.??.??"]
[Round "6"]
[White "Hornung, Hans"]
[Black "Steingrimsson, Hedinn"]
[Result "0-1"]
[WhiteElo "2300"]
[BlackElo "2455"]

1.Nf3 Nf6 2.c4 b6 3.g3 Bb7 4.Bg2 c5 5.O-O g6 6.Nc3 Bg7 7.d3 O-O 8.e4 d6 9.Rb1 Nc6
10.a3 Ne8 11.Be3 Nd4 12.Ne1 a5 13.a4 f5 14.exf5 Bxg2 15.Nxg2 gxf5 16.Nf4 Qd7
17.Bxd4 Bxd4 18.Qf3 Ng7 19.Nb5 Be5 20.Nd5 Rab8 21.Rbe1 e6 22.Ndc3 Rf7 23.Qd1 f4
24.Qg4 Kh8 25.Qh3 Rg8 26.Kh1 Nf5 27.g4 Nd4 28.Nxd4 cxd4 29.Nb5 f3 30.Re4 Rg5
31.b3 d5 32.cxd5 exd5 33.Rxe5 Rxe5 34.Nxd4 Qb7 35.Rc1 Re8 36.g5 Qd7 37.Qxd7 Rxd7
38.Nxf3 Rf7 39.Kg2 Ref8 40.Ne5 Rxf2+ 41.Kg3 R2f5 42.d4 Rxg5+ 43.Kh3 Rf6 44.Kh4 Rg8
45.Kh5 h6 46.h4 Rg7 47.Rc6 Rxc6 48.Nxc6 Kh7 49.b4 axb4 50.Nxb4 Ra7  0-1

[Event "Bled op"]
[Site "Bled"]
[Date "1992.??.??"]
[Round "4"]
[White "Milocco, Franco"]
[Black "Adler, Joel"]
[Result "1/2-1/2"]
[WhiteElo "2370"]
[BlackElo "2255"]

1.Nf3 Nf6 2.c4 c5 3.g3 b6 4.Bg2 Bb7 5.O-O g6 6.Nc3 Bg7 7.d4 cxd4 8.Qxd4 d6
9.Rd1 Nbd7 10.Be3 Rc8 11.Rac1 O-O 12.Qh4 Re8 13.b3 a6 14.Bh3 Rc7 15.Ng5 h6
16.Nge4 Nxe4 17.Nxe4 g5 18.Nxg5 hxg5 19.Bxg5 Nf8 20.Bf5 Rc5 21.g4 Bc8 22.b4 Rxf5
23.gxf5 Bxf5 24.Qg3 Qc8 25.Bh6 Ng6 26.Bxg7 Kxg7 27.c5 bxc5 28.bxc5 dxc5 29.Qc3+ Kh7
30.Qxc5 Qe6 31.Qc6 Rg8 32.Qxe6 Bxe6 33.a3 Bh3 34.f3 Nf4+ 35.Kf2 Rg2+ 36.Ke3 e5
37.Rd2 Rxh2 38.Rc6 Be6 39.Rxa6 f5 40.Ra5 Ng6 41.Kd3  1/2-1/2